|
|
|
|
| LEADER |
00000nab a2200000 a 4500 |
| 001 |
vtls000666774 |
| 003 |
SK-MaSNL |
| 005 |
20260304084025.0 |
| 008 |
250425c1998 xo 0 slo |
| 015 |
|
|
|a SNBRB1998/08-22892
|
| 035 |
|
|
|a CLN000018958
|
| 035 |
|
|
|a urn:nbn:sk:snk-abi7j
|
| 035 |
|
|
|a (urnnbn)urn:nbn:sk:snk:ar-a039mq
|
| 035 |
|
|
|a (uuid)2842aea6-e7d6-456a-b38a-548150ee2ee8
|
| 040 |
|
|
|a SNKBUCL
|b slo
|c SNKBUCL
|e AACR2
|
| 041 |
0 |
|
|a slo
|
| 044 |
|
|
|a xo
|c SK
|
| 080 |
|
|
|a 39+572+304(4):061.3
|2 1997
|
| 100 |
1 |
|
|a Podoba, Juraj,
|d 1958-
|4 aut
|9 151863
|
| 245 |
1 |
0 |
|a Medzinárodný seminár "Social anthropology of political institutions and representations in the new Europe
|c Juraj Podoba
|
| 650 |
0 |
7 |
|a etnografia
|x sociológia
|x antropológia
|x seminár
|x 1998
|2 snkbucl
|9 1375820
|
| 650 |
0 |
7 |
|a sociológia
|2 snkbucl
|9 1010
|
| 650 |
0 |
7 |
|a antropológia
|2 snkbucl
|9 717
|
| 655 |
|
7 |
|a články z novín a časopisov
|2 snkbucl
|9 267496
|
| 773 |
0 |
|
|t Slovenský národopis
|g Roč. 46, č. 2 (1998), s. 218-220
|x 1335-1303
|
| 850 |
|
|
|a Slovenská národná knižnica
|
| 852 |
|
|
|a Slovenská národná knižnica
|
| 954 |
|
|
|a odborná, vedecká literatúra pôvodná (slovenská)
|2 lita
|
| 958 |
|
|
|a article27
|
| 958 |
|
|
|a OND
|
| 958 |
|
|
|a EUIPO
|
| 992 |
|
|
|a RBX
|
| 999 |
|
|
|c 2801913
|d 2803843
|